[Event "MVP-ch Seniors op 19th"]
[Site "Ostseebad Binz"]
[Date "2019.12.01"]
[Round "5"]
[White "Kremser, Ulrich"]
[Black "Ludwig, Richard"]
[Result "1-0"]
[WhiteElo "1452"]
[BlackElo "1575"]
[PlyCount "121"]
[EventDate "2019.11.27"]
[EventType "swiss"]
[EventRounds "9"]
[EventCountry "GER"]
[SourceTitle "EXT 2021"]
[Source "ChessBase"]
[SourceDate "2020.10.23"]
[SourceVersion "1"]
[SourceVersionDate "2020.10.23"]
[SourceQuality "1"]

1. e4 Nf6 2. e5 Nd5 3. d4 d6 4. Nf3 Nc6 5. c4 Nb6 6. d5 Nxe5 7. Nxe5 dxe5 8. Nc3 e6 9. Qe2 Be7 10. Qxe5 Bf6 11. Qe3 0-0 12. Qf3 exd5 13. cxd5 Re8+ 14. Be2 Bxc3+ 15. bxc3 Qxd5 16. Be3 Qxf3 17. Bxf3 Nc4 18. Ke2 c6 19. Rab1 Nxe3 20. fxe3 Re7 21. Rhd1 Be6 22. Rb2 Bc4+ 23. Kf2 Rae8 24. Rd4 Ba6 25. e4 g6 26. Rbd2 c5 27. Rd5 b6 28. a4 Bc4 29. Rd8 Kf8 30. R2d6 Rxd8 31. Rxd8+ Kg7 32. Rd6 Bb3 33. a5 bxa5 34. Ra6 a4 35. Ra5 c4 36. h3 Rd7 37. Be2 Bc2 38. Ke3 Bb3 39. Ra6 h5 40. Ra5 f6 41. h4 Kf7 42. Ra6 Kg7 43. Ra5 Kh6 44. Ra6 Rf7 45. Kd4 Rd7+ 46. Ke3 Re7 47. Kd4 Kg7 48. Bxc4 Bxc4 49. Kxc4 Rxe4+ 50. Kb5 Rxh4 51. Rxa7+ Kh6 52. Rxa4 Rh1 53. c4 h4 54. c5 Kg5 55. c6 Rc1 56. Rc4 Rb1+ 57. Ka6 Ra1+ 58. Kb7 Kh5 59. c7 g5 60. c8Q Rb1+ 61. Kc7 1-0

[Event "MVP-ch Seniors op 18th"]
[Site "Ostseebad Binz"]
[Date "2018.12.01"]
[Round "4"]
[White "Farel, Edgard"]
[Black "Ludwig, Richard"]
[Result "1-0"]
[WhiteElo "1607"]
[BlackElo "1554"]
[PlyCount "65"]
[EventDate "2018.11.28"]
[EventType "swiss"]
[EventRounds "9"]
[EventCountry "GER"]
[SourceTitle "CBM 188 Extra"]
[Source "ChessBase"]
[SourceDate "2019.02.28"]
[SourceVersion "1"]
[SourceVersionDate "2019.02.28"]
[SourceQuality "1"]

1. e4 Nf6 2. e5 Nd5 3. d4 d6 4. c4 Nb6 5. f4 dxe5 6. fxe5 Nc6 7. Be3 e6 8. Nf3 Bb4+ 9. Nc3 0-0 10. a3 Be7 11. Qc2 h6 12. Ne4 f5 13. exf6 Bxf6 14. Nxf6+ Qxf6 15. Be2 Qe7 16. 0-0 Nd7 17. b4 Nd8 18. Qe4 Nf6 19. Qh4 Nf7 20. Ne5 g5 21. Qf2 Nxe5 22. dxe5 Nd7 23. Qg3 b6 24. Rxf8+ Qxf8 25. Rf1 Qg7 26. Bd4 Bb7 27. Qh3 Re8 28. Bg4 Nf8 29. Rf6 Rd8 30. Bc3 Kh7 31. Bh5 Bc8 32. Rf7 Rd1+ 33. Kf2 1-0

[Event "MVP-ch Seniors op 18th"]
[Site "Ostseebad Binz"]
[Date "2018.11.28"]
[Round "1"]
[White "Ludwig, Richard"]
[Black "Zoll, Detlef"]
[Result "0-1"]
[WhiteElo "1554"]
[BlackElo "1939"]
[PlyCount "88"]
[EventDate "2018.11.28"]
[EventType "swiss"]
[EventRounds "9"]
[EventCountry "GER"]
[SourceTitle "CBM 188 Extra"]
[Source "ChessBase"]
[SourceDate "2019.02.28"]
[SourceVersion "1"]
[SourceVersionDate "2019.02.28"]
[SourceQuality "1"]

1. e4 e6 2. d4 d5 3. exd5 exd5 4. Bd3 Bd6 5. Nf3 Ne7 6. c3 Bf5 7. Be2 c6 8. Be3 Qc7 9. 0-0 Nd7 10. Nbd2 0-0 11. Re1 Ng6 12. Nf1 Rae8 13. Bd3 Bxd3 14. Qxd3 Nf6 15. Qc2 Ne4 16. Ng5 h6 17. Nxe4 Rxe4 18. h3 Rfe8 19. Bd2 Nf4 20. Be3 Qd7 21. Qd2 Qf5 22. Ng3 Qg6 23. Kh1 h5 24. f3 Qxg3 25. fxe4 Nd3 26. Bg1 Nxe1 27. Rxe1 Rxe4 28. Rf1 Bf4 29. Qd1 g6 30. Rf2 f5 31. Qf1 g5 32. Rf3 Re1 33. Rxg3 Rxf1 34. Rd3 h4 35. b3 Ra1 36. a4 Kf7 37. Rf3 Kf6 38. Rd3 Ra3 39. Bh2 Bxh2 40. Kxh2 Rxb3 41. g3 Rb2+ 42. Kg1 hxg3 43. Rxg3 f4 44. Rf3 Kf5 0-1

[Event "MVP-ch Seniors op 17th"]
[Site "Binz"]
[Date "2017.12.01"]
[Round "3.67"]
[White "Thielemann, Joachim"]
[Black "Ludwig, Richard"]
[Result "1/2-1/2"]
[WhiteElo "1817"]
[BlackElo "1638"]
[PlyCount "145"]
[EventDate "2017.11.29"]
[EventType "swiss"]
[EventRounds "9"]
[EventCountry "GER"]
[SourceTitle "EXT 2019"]
[Source "ChessBase"]
[SourceDate "2018.10.10"]
[SourceVersion "1"]
[SourceVersionDate "2018.10.10"]
[SourceQuality "1"]

1. e4 Nf6 2. Nc3 e5 3. d3 Nc6 4. Nge2 d6 5. h3 Be7 6. g4 Nd7 7. Be3 Bg5 8. Nd5 Bxe3 9. Nxe3 Nf8 10. Bg2 Ng6 11. c3 Bd7 12. 0-0 0-0 13. Qd2 Rb8 14. Rad1 Nce7 15. d4 exd4 16. cxd4 Bb5 17. f4 f6 18. Rf2 Bxe2 19. Qxe2 Rf7 20. f5 Nf8 21. Qd2 Nd7 22. h4 Kh8 23. Bf3 Rf8 24. g5 c6 25. Ng4 Ng8 26. Qf4 Qe7 27. Re2 Nb6 28. b3 Rbd8 29. Rde1 Qd7 30. Rg2 Nc8 31. gxf6 Nxf6 32. Qg5 Nxg4 33. Qxg4 Rg8 34. h5 h6 35. Qf4 Rdf8 36. Bg4 Qd8 37. Bh3 Qf6 38. e5 dxe5 39. dxe5 Qf7 40. Rg6 Ne7 41. e6 Nxg6 42. exf7 Nxf4 43. fxg8Q+ Kxg8 44. Bg4 Nd5 45. Kg2 Rf6 46. Re8+ Kf7 47. Rb8 b6 48. Rb7+ Kf8 49. Kf3 Rf7 50. Rb8+ Ke7 51. Rc8 c5 52. Ke4 Nf6+ 53. Kf4 Nxg4 54. Kxg4 Kd6 55. Kf4 Kd7 56. Rb8 Kd6 57. Rd8+ Ke7 58. Rd5 Kf6 59. Rd6+ Ke7 60. Re6+ Kd7 61. Rg6 b5 62. Ra6 Ke8 63. Rc6 c4 64. bxc4 bxc4 65. Rxc4 Rd7 66. Ra4 Kf7 67. Ra6 Re7 68. a4 Re2 69. Rxa7+ Kf6 70. a5 Rf2+ 71. Ke4 Re2+ 72. Kd5 Rd2+ 73. Kc6 1/2-1/2

[Event "Schleswig Holstein-ch Seniors op 11th"]
[Site "Buesum"]
[Date "2017.09.12"]
[Round "5"]
[White "Howe, Dietrich"]
[Black "Ludwig, Richard"]
[Result "0-1"]
[WhiteElo "1471"]
[BlackElo "1662"]
[PlyCount "44"]
[EventDate "2017.09.08"]
[EventType "swiss"]
[EventRounds "9"]
[EventCountry "GER"]
[SourceTitle "EXT 2019"]
[Source "ChessBase"]
[SourceDate "2018.10.10"]
[SourceVersion "1"]
[SourceVersionDate "2018.10.10"]
[SourceQuality "1"]

1. d4 Nf6 2. Nf3 d5 3. e3 Nc6 4. c3 e6 5. Bd3 Bd6 6. 0-0 e5 7. dxe5 Nxe5 8. Nxe5 Bxe5 9. Nd2 0-0 10. Nf3 Bd6 11. Re1 Re8 12. Qc2 h6 13. h3 c6 14. b4 Bd7 15. Nd4 Qc8 16. Ne2 Ne4 17. f3 Ng3 18. Nf4 Bxf4 19. Kf2 Bd6 20. e4 dxe4 21. Bxe4 Nxe4+ 22. Rxe4 Qc7 0-1

[Event "Schleswig Holstein-ch Seniors op 10th"]
[Site "Buesum"]
[Date "2016.09.27"]
[Round "2"]
[White "Ludwig, Richard"]
[Black "Hellwege, Werner"]
[Result "0-1"]
[WhiteElo "1691"]
[BlackElo "1874"]
[PlyCount "88"]
[EventDate "2016.09.26"]
[EventType "swiss"]
[EventRounds "9"]
[EventCountry "GER"]
[SourceTitle "EXT 2019"]
[Source "ChessBase"]
[SourceDate "2018.10.10"]
[SourceVersion "1"]
[SourceVersionDate "2018.10.10"]
[SourceQuality "1"]

1. e4 c5 2. c3 d5 3. exd5 Qxd5 4. d4 Nc6 5. Nf3 Bf5 6. Be3 cxd4 7. cxd4 Bxb1 8. Qxb1 e6 9. a3 Nf6 10. Be2 Be7 11. 0-0 0-0 12. Rd1 Rfd8 13. Bd3 Qd6 14. h3 g6 15. Qc2 Nd5 16. Qe2 Bf6 17. Bc2 Rd7 18. Rd2 Rad8 19. Rad1 Nf4 20. Qf1 Qb8 21. Ba4 Nd5 22. Bxc6 bxc6 23. Rb1 Nxe3 24. fxe3 c5 25. Rbd1 cxd4 26. exd4 Qf4 27. Kh1 Bxd4 28. Nxd4 Qxf1+ 29. Rxf1 Rxd4 30. Rdf2 f5 31. Kh2 Kf7 32. Rc2 R8d7 33. Rfc1 e5 34. Rc7 e4 35. b4 f4 36. a4 e3 37. Kg1 Ke6 38. R1c6+ Ke5 39. Rxd7 Rxd7 40. Kf1 Rd1+ 41. Ke2 Rd2+ 42. Ke1 Rxg2 43. Rc7 f3 44. Rxa7 Rg1# 0-1

[Event "Schleswig Holstein-ch Seniors op 9th"]
[Site "Buesum"]
[Date "2015.10.06"]
[Round "8"]
[White "Bordasch, Christian"]
[Black "Ludwig, Richard"]
[Result "1/2-1/2"]
[WhiteElo "1798"]
[BlackElo "1670"]
[PlyCount "40"]
[EventDate "2015.09.28"]
[EventType "swiss"]
[EventRounds "9"]
[EventCountry "GER"]
[SourceTitle "EXT 2018"]
[Source "ChessBase"]
[SourceDate "2017.10.13"]
[SourceVersion "1"]
[SourceVersionDate "2017.10.13"]
[SourceQuality "1"]

1. d4 Nf6 2. c4 e5 3. dxe5 Ng4 4. Nf3 Bc5 5. e3 Nc6 6. Bd2 Ngxe5 7. Nxe5 Nxe5 8. Bc3 Qe7 9. a3 a6 10. Qd5 d6 11. b4 Ba7 12. c5 0-0 13. cxd6 cxd6 14. Be2 Be6 15. Qe4 f5 16. Qc2 Rac8 17. 0-0 Bc4 18. Bxc4+ Nxc4 19. Qb3 Kh8 20. Rd1 Qc7 1/2-1/2

[Event "GER-chB Seniors 27th"]
[Site "Magdeburg"]
[Date "2015.08.21"]
[Round "7"]
[White "Ludwig, Richard"]
[Black "Ast, Erwin"]
[Result "1/2-1/2"]
[WhiteElo "1656"]
[BlackElo "1789"]
[PlyCount "45"]
[EventDate "2015.08.15"]
[EventType "swiss"]
[EventRounds "9"]
[EventCountry "GER"]
[SourceTitle "EXT 2018"]
[Source "ChessBase"]
[SourceDate "2017.10.13"]
[SourceVersion "1"]
[SourceVersionDate "2017.10.13"]
[SourceQuality "1"]

1. e4 e6 2. d4 d5 3. exd5 exd5 4. Nf3 Nf6 5. Bd3 Bd6 6. 0-0 0-0 7. Re1 Bg4 8. h3 Bh5 9. c3 c6 10. Be3 Ne4 11. Be2 Nd7 12. Nbd2 Bg6 13. Nxe4 Bxe4 14. Bd3 Bxd3 15. Qxd3 Re8 16. Bg5 Qc7 17. Rxe8+ Rxe8 18. Re1 Rxe1+ 19. Nxe1 Nf8 20. Nf3 h6 21. Bd2 Ne6 22. Qe2 Qd7 23. Ne5 1/2-1/2

[Event "GER-chB Seniors 27th"]
[Site "Magdeburg"]
[Date "2015.08.19"]
[Round "5"]
[White "Weber, Gerhard"]
[Black "Ludwig, Richard"]
[Result "0-1"]
[WhiteElo "1830"]
[BlackElo "1656"]
[PlyCount "58"]
[EventDate "2015.08.15"]
[EventType "swiss"]
[EventRounds "9"]
[EventCountry "GER"]
[SourceTitle "EXT 2018"]
[Source "ChessBase"]
[SourceDate "2017.10.13"]
[SourceVersion "1"]
[SourceVersionDate "2017.10.13"]
[SourceQuality "1"]

1. e4 Nf6 2. d3 e5 3. g3 Nc6 4. c4 Be7 5. Nc3 d6 6. Bh3 0-0 7. Bxc8 Qxc8 8. Nce2 Qd7 9. Bg5 h6 10. Bxf6 Bxf6 11. Nc3 Nd4 12. Nd5 Qd8 13. Nf3 Nxf3+ 14. Qxf3 Be7 15. Nxe7+ Qxe7 16. 0-0-0 c5 17. g4 Rab8 18. h4 f6 19. Qf5 b5 20. b3 b4 21. Rdg1 Qe8 22. Qf3 Rf7 23. Qg3 a5 24. Qg2 a4 25. Kb2 axb3 26. axb3 Ra7 27. Qf1 Rba8 28. Qb1 Ra2+ 29. Kc1 Qf7 0-1